000 00603nam a2200193Ia 4500
005 20250508162717.0
008 008 250505s9999 xx 000 0 eng d
020 _a0-521-35474-9
037 _aTextual
040 _aFEDL
_beng
_cFEDL
041 _aeng
_2eng
084 _a303.32, HUR
_qFEDL
100 _aHurrelmann Klaus
245 0 _aSocial structure and personality development : The individual as a productive processor of reality
260 _aCambridge
_bCambridge University Press
_c1988
300 _aix,163p.
942 _cTEXL
_h303.32, HUR
999 _c1378217
_d1378217